[Event "88th GER-ch Men 2017"]
[Site "Apolda"]
[Date "2017.06.28"]
[Round "6"]
[White "Bussard, Christian"]
[Black "Buecker, Stefan"]
[Result "0-1"]
[WhiteElo "2251"]
[BlackElo "2291"]
[Annotator "NA"]
[PlyCount "82"]
[EventDate "2017.??.??"]
[EventType "swiss"]
[EventCountry "GER"]
[SourceTitle "playchess.com"]
[Source "ChessBase"]
[SourceQuality "1"]
[TimeControl "40/6000+30:3000+30"]

1. d4 {[%emt 0:00:00]} Nc6 {[%emt 0:02:44]} 2. Nf3 {[%emt 0:00:29]} d6 {[%emt 0:01:20]} 3. e4 {[%emt 0:02:06]} Nf6 {[%emt 0:04:20]} 4. Nc3 {[%emt 0:00:21]} e6 {[%emt 0:00:51]} 5. Be2 {[%emt 0:02:03]} d5 {[%emt 0:02:21]} 6. exd5 {[%emt 0:00:28]} exd5 {[%emt 0:00:16]} 7. O-O {[%emt 0:00:40]} Bb4 {[%emt 0:00:42]} 8. a3 {[%emt 0:01:41]} Bxc3 {[%emt 0:00:07]} 9. bxc3 {[%emt 0:00:04]} O-O {[%emt 0:04:43]} 10. c4 {[%emt 0:02:05]} Na5 {[%emt 0:11:41]} 11. cxd5 {[%emt 0:02:09]} Qxd5 {[%emt 0:00:34]} 12. Rb1 {[%emt 0:07:51]} a6 {[%emt 0:10:59]} 13. Bf4 {[%emt 0:08:53]} Ne4 {[%emt 0:07:05]} 14. Qe1 {[%emt 0:01:40]} Nd6 {[%emt 0:00:16]} 15. Qc3 {[%emt 0:04:14]} Nc6 {[%emt 0:10:24]} 16. Rfe1 {[%emt 0:07:28]} Qf5 {[%emt 0:06:16]} (16... Bg4 $14) 17. Qd2 {[%emt 0:04:16]} Ne4 {[%emt 0:03:34]} 18. Qe3 {[%emt 0:00:50]} Nc3 {[%emt 0:00:18] [#]} 19. Bd3 $1 {[%emt 0:01:14]} Qa5 {[%emt 0:01:53]} 20. Rb3 {[%emt 0:13:48]} Nd5 {[%emt 0:00:29]} 21. Qd2 {[%emt 0:01:36]} Bg4 {[%emt 0:00:29]} 22. c3 {[%emt 0:16:13]} Bxf3 {[%emt 0:00:07]} 23. gxf3 {[%emt 0:00:07]} b5 {[%emt 0:00:09]} 24. Bg3 {[%emt 0:02:20]} h6 {[%emt 0:07:20]} 25. Bc2 {[%emt 0:02:57]} Rae8 {[%emt 0:01:54]} 26. Rxe8 $11 {[%emt 0:00:58]} Rxe8 {[%emt 0:00:07]} 27. Kg2 {[%emt 0:01:47]} Nce7 {[%emt 0:02:17]} 28. h4 {[%emt 0:01:04]} c6 {[%emt 0:01:57]} 29. Kh2 {[%emt 0:04:35]} Qd8 {[%emt 0:00:45]} 30. Rb1 {[%emt 0:00:47]} Ng6 {[%emt 0:06:39]} 31. Qd3 {[%emt 0:01:46]} Qf6 {[%emt 0:05:16]} 32. h5 {[%emt 0:04:15]} Nf8 {[%emt 0:00:23]} 33. Rh1 {[%emt 0:06:31]} Qg5 {[%emt 0:00:46]} 34. Bb1 {[%emt 0:00:34]} Qxh5+ {[%emt 0:00:42]} 35. Kg2 {[%emt 0:00:07]} Qg5 {[%emt 0:00:12]} 36. Rh4 {[%emt 0:00:11]} Ng6 {[%emt 0:06:16]} 37. Kh2 {[%emt 0:01:18]} Re1 {[%emt 0:01:16]} 38. f4 {[%emt 0:02:46]} Qf6 {[%emt 0:01:12]} 39. Rg4 {[%emt 0:00:39]} h5 {[%emt 0:03:59]} 40. Rg5 {[%emt 0:02:30]} h4 {[%emt 0:50:15]} 41. Rxg6 {[%emt 0:53:24]} fxg6 {[%emt 0:00:30]} 0-1

[Event "88th GER-ch Men 2017"]
[Site "Apolda"]
[Date "2017.06.28"]
[Round "6"]
[White "Heimrath, Reiner"]
[Black "Dobierzin, Olaf"]
[Result "1/2-1/2"]
[WhiteElo "2231"]
[BlackElo "2020"]
[Annotator "NA"]
[PlyCount "95"]
[EventDate "2017.??.??"]
[EventType "swiss"]
[EventCountry "GER"]
[SourceTitle "playchess.com"]
[Source "ChessBase"]
[SourceQuality "1"]
[TimeControl "40/6000+30:3000+30"]

1. Nf3 {[%emt 0:00:00]} Nf6 2. d4 {[%emt 0:00:01]} g6 {[%emt 0:00:51]} 3. g3 {[%emt 0:03:08]} Bg7 {[%emt 0:00:16]} 4. Bg2 {[%emt 0:00:06]} O-O {[%emt 0:00:32]} 5. O-O {[%emt 0:04:11]} d6 {[%emt 0:01:07]} 6. c4 {[%emt 0:00:25]} Nbd7 {[%emt 0:00:29]} 7. Nc3 {[%emt 0:00:37]} e5 {[%emt 0:04:45]} 8. b3 {[%emt 0:01:55]} Re8 9. dxe5 {[%emt 0:10:57]} dxe5 {[%emt 0:02:05]} 10. Ba3 {[%emt 0:07:21]} c6 {[%emt 0:09:29]} 11. Bd6 {[%emt 0:01:55]} (11. e4 $11) 11... e4 {[%emt 0:22:43]} 12. Ne1 {[%emt 0:04:27]} Qa5 13. Rc1 {[%emt 0:05:10]} Qh5 {[%emt 0:09:28]} 14. f3 {[%emt 0:36:21]} exf3 15. exf3 {[%emt 0:00:13]} Ne5 {[%emt 0:16:46]} 16. Bxe5 {[%emt 0:11:36]} Qxe5 $17 {[%emt 0:00:52]} 17. Nd3 {[%emt 0:00:19]} Qe3+ {[%emt 0:03:42]} 18. Nf2 {[%emt 0:00:27]} Ng4 19. fxg4 {[%emt 0:06:27]} Bxc3 {[%emt 0:14:48]} 20. Kh1 {[%emt 0:01:26]} Bd4 {[%emt 0:04:35]} 21. b4 {[%emt 0:01:13]} Be6 {[%emt 0:06:27]} 22. Qc2 {[%emt 0:01:32]} Rad8 {[%emt 0:01:53]} 23. a4 {[%emt 0:02:22]} Bg7 {[%emt 0:01:17]} 24. b5 {[%emt 0:00:28]} Rd2 25. Qe4 {[%emt 0:00:22]} Bd7 {[%emt 0:01:43]} 26. Qxe3 {[%emt 0:00:37]} Rxe3 {[%emt 0:02:21]} 27. Ne4 {[%emt 0:00:20]} Rxg2 {[%emt 0:00:02]} 28. Kxg2 {[%emt 0:00:25]} Rxe4 {[%emt 0:00:08]} 29. Rfd1 {[%emt 0:01:51]} Bd4 {[%emt 0:00:21]} 30. Kf3 {[%emt 0:01:48]} f5 31. gxf5 {[%emt 0:00:31]} Bxf5 {[%emt 0:01:16]} 32. c5 {[%emt 0:02:00]} Re3+ {[%emt 0:01:38]} 33. Kf4 {[%emt 0:00:10]} Re4+ {[%emt 0:00:20]} 34. Kf3 {[%emt 0:00:06]} g5 35. Rc4 {[%emt 0:00:56]} g4+ {[%emt 0:01:52]} 36. Kg2 {[%emt 0:00:06]} Bf6 37. Rxe4 {[%emt 0:01:33]} Bxe4+ {[%emt 0:02:54]} 38. Kf2 {[%emt 0:00:10]} Bd5 {[%emt 0:00:46]} 39. a5 {[%emt 0:00:12]} a6 {[%emt 0:00:05]} 40. bxa6 {[%emt 0:04:15]} bxa6 {[%emt 0:51:05]} 41. Ke3 {[%emt 0:50:22]} Bg5+ 42. Kd4 {[%emt 0:00:17]} Bf6+ {[%emt 0:00:39]} 43. Kd3 {[%emt 0:01:27]} Kf7 {[%emt 0:00:00]} 44. Rb1 {[%emt 0:00:00]} Bg2 {[%emt 0:00:00]} 45. Rg1 {[%emt 0:00:00]} Bf3 46. Rb1 {[%emt 0:00:00]} Bg2 {[%emt 0:00:00]} 47. Rg1 {[%emt 0:00:00]} Bf3 48. Rb1 1/2-1/2

[Event "88th GER-ch Men 2017"]
[Site "Apolda"]
[Date "2017.06.28"]
[Round "6"]
[White "Prenzler, Daniel"]
[Black "Middelhoff, Cornelius"]
[Result "1/2-1/2"]
[WhiteElo "2210"]
[BlackElo "2131"]
[Annotator "NA"]
[PlyCount "63"]
[EventDate "2017.??.??"]
[EventType "swiss"]
[EventCountry "GER"]
[SourceTitle "playchess.com"]
[Source "ChessBase"]
[SourceQuality "1"]
[TimeControl "40/6000+30:3000+30"]

1. e4 {[%emt 0:00:00]} c5 {[%emt 0:00:07]} 2. Nf3 {[%emt 0:00:00]} Nc6 {[%emt 0:00:03]} 3. d3 {[%emt 0:00:00]} e6 {[%emt 0:02:15]} 4. g3 {[%emt 0:00:00]} Nf6 {[%emt 0:02:15]} 5. Bg2 {[%emt 0:00:07]} d5 {[%emt 0:00:23]} 6. Nbd2 {[%emt 0:00:09]} Be7 {[%emt 0:05:07]} 7. O-O {[%emt 0:00:13]} O-O {[%emt 0:00:13]} 8. Re1 {[%emt 0:00:54]} Re8 {[%emt 0:14:58]} 9. e5 {[%emt 0:00:19]} Nd7 $1 {[%emt 0:00:32]} 10. Nf1 {[%emt 0:00:07] LiveBook: 19 Games} d4 {[%emt 0:15:15] C00: French: Unusual White 2nd moves} (10... b5 $15) (10... Qc7 11. Bf4 b5 12. h4 Bb7 13. N1h2 b4 14. Ng4 a5 15. Qd2 Nd4 16. h5 Nxf3+ 17. Bxf3 Kh8 18. h6 g6 {1-0 (37) Mozharov,M (2530)-Bagheri,M (2298) Urmia 2016}) 11. h4 {[%emt 0:08:15]} Qc7 $146 {[%emt 0:02:25]} ({Predecessor:} 11... Qb6 12. N1h2 f6 13. exf6 Nxf6 14. Ng5 e5 15. Ne4 Rf8 16. Nxf6+ Bxf6 {½-½ (39) Litvinov,M (2024)-Gaifullin,A (1925) Ufa 2015}) 12. Qe2 {[%emt 0:14:56]} Rb8 {[%emt 0:02:19]} 13. N1h2 {[%emt 0:10:56]} b5 {[%emt 0:06:53]} 14. Bf4 {[%emt 0:05:11]} c4 {[%emt 0:07:56]} ({Better is} 14... Bb7 $11) 15. Ng5 {[%emt 0:06:57]} Bxg5 {[%emt 0:01:06]} 16. hxg5 {[%emt 0:00:23]} Ne7 {[%emt 0:08:08]} 17. Qh5 {[%emt 0:12:06]} Bb7 {[%emt 0:04:42]} 18. Ng4 {[%emt 0:11:30]} Ng6 $15 {[%emt 0:02:19]} 19. Be4 {[%emt 0:19:56]} Bxe4 {[%emt 0:08:06]} 20. Rxe4 {[%emt 0:00:37]} cxd3 {[%emt 0:04:33]} 21. Rxd4 {[%emt 0:00:43]} dxc2 {[%emt 0:04:30]} 22. Rc1 {[%emt 0:12:38]} Ndxe5 {[%emt 0:08:22]} 23. Nxe5 {[%emt 0:00:26]} Qc5 {[%emt 0:04:22]} 24. Rd7 {[%emt 0:02:58]} Nxe5 {[%emt 0:00:50]} 25. Bxe5 {[%emt 0:00:02]} Qxe5 {[%emt 0:00:12]} 26. Qxf7+ {[%emt 0:00:54]} Kh8 {[%emt 0:00:01]} 27. Rxc2 {[%emt 0:01:06]} Rf8 {[%emt 0:03:45]} 28. Qe7 {[%emt 0:00:31]} Qe1+ {[%emt 0:00:13]} 29. Kg2 {[%emt 0:00:05]} Qe4+ {[%emt 0:00:04]} 30. Kg1 {[%emt 0:00:02]} Qe1+ {[%emt 0:00:03]} 31. Kg2 {[%emt 0:00:04]} Qe4+ {[%emt 0:00:04]} 32. Kg1 {[%emt 0:00:09]} 1/2-1/2

[Event "88th GER-ch Men 2017"]
[Site "Apolda"]
[Date "2017.06.28"]
[Round "6"]
[White "Heinert, Eugen"]
[Black "Schmitt, Philipp"]
[Result "1-0"]
[WhiteElo "2151"]
[BlackElo "2174"]
[Annotator "NA"]
[PlyCount "81"]
[EventDate "2017.??.??"]
[EventType "swiss"]
[EventCountry "GER"]
[SourceTitle "playchess.com"]
[Source "ChessBase"]
[SourceQuality "1"]
[TimeControl "40/6000+30:3000+30"]

1. c4 {[%emt 0:00:00]} e6 {[%emt 0:00:20]} 2. g3 {[%emt 0:00:30]} d5 {[%emt 0:00:51]} 3. Nf3 {[%emt 0:00:29]} Nf6 {[%emt 0:00:13]} 4. Bg2 {[%emt 0:00:05]} Be7 {[%emt 0:00:46]} 5. O-O {[%emt 0:00:52]} O-O {[%emt 0:00:09]} 6. b3 {[%emt 0:00:21]} c5 {[%emt 0:00:51]} 7. cxd5 {[%emt 0:00:05]} exd5 {[%emt 0:00:33]} 8. d4 {[%emt 0:00:05]} Nc6 {[%emt 0:01:09]} 9. Bb2 {[%emt 0:00:42]} Ne4 {[%emt 0:01:55]} 10. Nc3 {[%emt 0:00:33]} Bf6 {[%emt 0:01:38]} 11. Nxe4 {[%emt 0:06:08]} dxe4 {[%emt 0:00:09]} 12. Nd2 {[%emt 0:00:12]} Bxd4 {[%emt 0:02:28] D34: Tarrasch Defence: 6 g3 Nf6 7 Bg2 Be7} 13. Bxd4 {[%emt 0:00:59]} cxd4 {[%emt 0:00:32]} (13... Nxd4 14. e3 Nf3+ 15. Nxf3 Qxd1 16. Rfxd1 exf3 17. Bxf3 Rb8 18. Kg2 b6 19. Rd2 g6 20. Rad1 Kg7 21. Rd6 Re8 22. g4 Be6 23. Kg3 Rbc8 24. Bb7 Rc7 25. Ba6 Ree7 26. Bc4 {½-½ (26) Gourlay,I (2385)-Eggleston,D (2413) Crawley 2016}) 14. Nxe4 {[%emt 0:01:37]} Re8 {[%emt 0:08:02]} 15. Rc1 {[%emt 0:02:17]} Bg4 {[%emt 0:15:56]} 16. Re1 {[%emt 0:14:55]} Rc8 {[%emt 0:04:47]} 17. Qd2 $146 {[%emt 0:05:22]} ({Predecessor:} 17. h3 Bf5 18. Nc5 b6 19. Nd3 Be4 20. Qd2 Bxg2 21. Kxg2 h6 22. Nb4 Nxb4 23. Rxc8 Qxc8 24. Qxb4 Qc6+ 25. Kg1 Qe4 26. e3 g6 {½-½ (26) Schmuecker,M (2213)-Esser,N (2159) Oberhausen 2013}) 17... b6 {[%emt 0:29:02]} 18. Qf4 {[%emt 0:14:30]} Ne5 {[%emt 0:00:59]} 19. Rxc8 {[%emt 0:07:34]} Bxc8 {[%emt 0:00:15]} 20. Rd1 {[%emt 0:01:36]} Ba6 {[%emt 0:04:54]} 21. Rxd4 {[%emt 0:03:04]} Nf3+ {[%emt 0:00:18]} 22. Bxf3 {[%emt 0:02:10]} Qxd4 {[%emt 0:00:10]} 23. Bh5 {[%emt 0:02:36]} Qd1+ {[%emt 0:02:42]} 24. Kg2 {[%emt 0:00:09]} Qd5 {[%emt 0:00:16]} 25. Bf3 {[%emt 0:01:35]} Qe5 $17 {[%emt 0:01:39]} ({Better is} 25... Qd4 $19 26. Qd6 Qxd6 27. Nxd6 Rd8) 26. Qd2 {[%emt 0:02:34]} h6 {[%emt 0:10:46]} 27. g4 {[%emt 0:16:43]} Qe7 {[%emt 0:02:49]} 28. Ng3 {[%emt 0:01:36]} Bb7 {[%emt 0:01:44]} 29. Nf5 {[%emt 0:05:31]} Bxf3+ {[%emt 0:04:53]} 30. exf3 {[%emt 0:01:46]} Qc5 {[%emt 0:05:44]} 31. h4 {[%emt 0:03:21]} a5 {[%emt 0:00:31]} 32. h5 {[%emt 0:00:55]} Qe5 {[%emt 0:01:41]} 33. Qd7 {[%emt 0:01:11]} Rf8 {[%emt 0:03:01]} 34. a4 {[%emt 0:05:39]} Qc3 {[%emt 0:01:20]} 35. Qd5 {[%emt 0:04:29]} Qc5 {[%emt 0:01:57]} 36. Qd7 {[%emt 0:00:25]} Qb4 {[%emt 0:01:04]} 37. Qd5 {[%emt 0:01:55]} Re8 {[%emt 0:00:30]} 38. Nd6 {[%emt 0:00:15]} Re6 {[%emt 0:00:25]} 39. Qa8+ {[%emt 0:00:32]} Kh7 {[%emt 0:01:31]} 40. Nxf7 {[%emt 0:00:17]} g5 {[%emt 0:51:19]} 41. Qh8# {[%emt 0:50:20]} 1-0

[Event "88th GER-ch Men 2017"]
[Site "Apolda"]
[Date "2017.06.29"]
[Round "7"]
[White "Meier, Georg"]
[Black "Nisipeanu, Liviu-Dieter"]
[Result "1/2-1/2"]
[WhiteElo "2636"]
[BlackElo "2683"]
[Annotator "TA"]
[PlyCount "70"]
[EventDate "2017.??.??"]
[EventType "swiss"]
[EventCountry "GER"]
[SourceTitle "playchess.com"]
[Source "ChessBase"]
[SourceQuality "1"]

{[%evp 17,70,22,12,12,31,13,33,28,20,12,47,0,0,0,0,0,0,-25,-12,-23,-26,-24,-20,-22,-24,-25,0,0,-2,-2,0,0,0,0,0,0,0,0,0,0,0,0,0,0,0,0,0,0,0,0,0,0,0,0,0]} 1. Nf3 Nf6 2. g3 d5 3. Bg2 e6 4. O-O Be7 5. c4 O-O 6. d4 dxc4 7. Qc2 b6 {E05: Open Catalan: 5 Nf3 Be7} 8. Bg5 Nd5 9. Bxe7 Qxe7 {LiveBook: 5 Games} 10. e4 $146 ({Predecessor:} 10. Qxc4 Bb7 11. Nc3 c5 12. dxc5 Rc8 13. c6 Nxc6 14. Nxd5 exd5 15. Qxd5 {1-0 (80) Wojtaszek,R (2744)-Oparin,G (2621) Novi Sad 2016}) 10... Nb4 11. Qc3 Bb7 12. Nbd2 c5 13. a3 N4a6 14. Qxc4 (14. d5 $5) 14... Nc6 15. Nb3 Nxd4 16. Nfxd4 cxd4 17. Qxd4 e5 18. Qe3 Rad8 19. Rac1 Nc7 20. Rfd1 Rxd1+ 21. Rxd1 Rd8 22. Rxd8+ {The position is equal.} Qxd8 23. Qd2 (23. f3 {is interesting.} h5 24. Bf1 h4 25. Bc4 Bc6 26. Qc3) 23... Qxd2 (23... Qe7 {looks sharper.} 24. f3 h5 25. Bf1 h4 26. Qc3 hxg3 27. hxg3 f6) 24. Nxd2 $11 {[%mdl 4096] Endgame KBN-KBN} f6 25. Bf1 Kf8 26. f3 Ne8 27. Kf2 Nd6 28. Nc4 Nxc4 29. Bxc4 {KB-KB} Ke7 30. Ke3 Kd6 31. b4 Bc8 32. Bd3 Bd7 33. Bc4 Bc8 34. Bd3 Bd7 35. Bc4 Bc8 {Precision: White = 81%, Black = 73%.} 1/2-1/2

[Event "88th GER-ch Men 2017"]
[Site "Apolda"]
[Date "2017.06.29"]
[Round "7"]
[White "Huschenbeth, Niclas"]
[Black "Engel, Luis"]
[Result "1-0"]
[WhiteElo "2586"]
[BlackElo "2321"]
[Annotator "TA"]
[PlyCount "45"]
[EventDate "2017.??.??"]
[EventType "swiss"]
[EventCountry "GER"]
[SourceTitle "playchess.com"]
[Source "ChessBase"]
[SourceQuality "1"]

{[%evp 12,45,16,8,20,20,17,6,7,6,29,0,27,26,66,73,69,60,89,57,292,251,304,284,289,283,754,667,666,640,667,632,994,995,988,967]} 1. e4 c5 2. Nc3 a6 3. g3 b5 4. Bg2 Bb7 5. d3 e6 6. f4 d5 7. f5 {LiveBook: 6 Games. White wants to play fxe6. B23: Closed Sicilian: Lines without g3} (7. exd5 exd5 8. Nf3 Nf6 9. O-O Be7 10. Nh4 Qd7 11. f5 h6 12. Bf4 Nc6 13. Qd2 O-O-O 14. a3 Rhe8 {0-1 (55) Andriasian,Z (2631)-Zhigalko,S (2664) Martuni 2013}) 7... d4 8. fxe6 fxe6 ({Don't take} 8... dxc3 9. exf7+ Kxf7 10. Nf3 $15) 9. Nce2 {next Nf4 is good for White.The position is equal.} e5 10. Nf3 Nc6 11. O-O Be7 $146 ({Predecessor:} 11... Nf6 12. a4 b4 13. Bh3 Bc8 14. Bxc8 Qxc8 {½-½ (33) Pirs,M (2559)-Boccia,M (2465) ICCF email 2010}) 12. c3 Qd6 13. cxd4 cxd4 14. a4 (14. Ng5 $5 {[%cal Rg5f7]} Nf6 15. Qb3 $14) 14... Qe6 15. Kh1 h6 $2 {[#]} (15... b4 $14) 16. Nxe5 $1 $18 {[%mdl 512]} Qxe5 {[#]} (16... Nxe5 17. Nxd4) 17. Nf4 $1 Rh7 18. Nd5 Bd6 $2 (18... g5 19. Rf5 Qd6) 19. axb5 {White is clearly winning.} axb5 20. Rxa8+ Bxa8 21. Qb3 Nce7 22. Bf4 Bxd5 23. exd5 {Precision: White = 72%, Black = 33%.} 1-0

[Event "88th GER-ch Men 2017"]
[Site "Apolda"]
[Date "2017.06.29"]
[Round "7"]
[White "Svane, Rasmus"]
[Black "Jugelt, Tobias"]
[Result "1-0"]
[WhiteElo "2577"]
[BlackElo "2431"]
[Annotator "TA"]
[PlyCount "63"]
[EventDate "2017.??.??"]
[EventType "swiss"]
[EventCountry "GER"]
[SourceTitle "playchess.com"]
[Source "ChessBase"]
[SourceQuality "1"]

{[%evp 12,63,66,72,71,57,51,53,98,82,96,97,97,70,90,94,108,108,111,93,116,102,163,180,173,172,176,141,154,137,145,147,139,70,72,81,72,72,96,82,77,83,257,274,252,179,387,383,554,551,560,551,791,771]} 1. d4 d5 2. c4 e6 3. Nc3 f5 4. Bf4 c6 5. e3 Nf6 6. Bd3 Bd6 7. Nf3 O-O {A84: Dutch Defence: 2 c4 Miscellaneous} 8. Qc2 Ne4 9. O-O Bxf4 {White is slightly better.} 10. exf4 Nd7 11. Rac1 $146 ({Predecessor:} 11. Rad1 Kh8 12. Rfe1 b6 13. Ng5 Qf6 14. Ncxe4 fxe4 15. Bxe4 dxe4 16. Qxe4 Qf5 17. Qxc6 Qxf4 18. Qxa8 Qxg5 {½-½ (78) Slipak,S (2440)-Mahia,G (2393) Buenos Aires 2010}) 11... h6 12. b4 a6 13. c5 g5 14. Ne2 Qf6 15. Rce1 Qg7 16. Ne5 gxf4 (16... g4 $16) 17. Nxf4 $18 Nxe5 18. dxe5 Bd7 19. f3 Qxe5 20. fxe4 fxe4 21. Bxe4 Qd4+ {[#]} 22. Qf2 (22. Kh1 $1 $16 {Threatening mate with Bh7+.} dxe4 23. Rxe4) 22... Qxf2+ $14 23. Rxf2 {Threatens to win with Bd3.} dxe4 24. Rxe4 a5 25. Rd2 ({But not} 25. Nxe6 $2 Rxf2 26. Kxf2 Re8 $19) 25... Rf7 26. Ng6 {[#] Strongly threatening Ne5.} axb4 $2 (26... Be8 $16) 27. Ne5 $18 (27. Rxb4 Be8 $16) 27... b3 28. a4 $36 {[%mdl 2048] White has strong initiative.} ({Less strong is} 28. Nxf7 bxa2 29. Nxh6+ Kf8 $14) 28... Be8 $2 (28... b2 29. Rxb2 Rg7 30. Rxb7 Be8) 29. Nxf7 Bxf7 (29... Kxf7 {was necessary.} 30. Rb4 Kf6 31. Rf2+ (31. Rxb7 Rxa4 32. Rf2+ Ke5 $18) 31... Ke5) 30. Rb4 {White is clearly winning.} e5 31. Rd7 Rf8 32. Rdxb7 {Precision: White = 73%, Black = 48%.} 1-0

[Event "88th GER-ch Men 2017"]
[Site "Apolda"]
[Date "2017.06.29"]
[Round "7"]
[White "Donchenko, Alexander"]
[Black "Keymer, Vincent"]
[Result "1-0"]
[WhiteElo "2573"]
[BlackElo "2411"]
[Annotator "TA"]
[PlyCount "107"]
[EventDate "2017.??.??"]
[EventType "swiss"]
[EventCountry "GER"]
[SourceTitle "playchess.com"]
[Source "ChessBase"]
[SourceQuality "1"]

{[%evp 15,107,29,29,20,45,50,47,44,45,37,59,58,48,48,52,35,41,45,50,43,43,30,44,48,49,25,28,-31,32,0,25,21,32,24,26,24,26,31,27,26,22,22,16,21,59,56,60,38,60,27,34,30,50,57,64,61,88,96,140,129,99,77,75,82,129,112,145,127,146,126,162,134,330,321,318,329,361,361,368,349,321,295,393,378,442,436,433,371,477,388,477,477,475,474]} 1. d4 d5 2. c4 c6 3. Nf3 Nf6 4. Nc3 dxc4 5. a4 Bf5 6. Ne5 Nbd7 7. Nxc4 Nb6 8. Ne5 a5 9. e3 {[%cal Be2e3,Be3e4][%mdl 32] D17: Slav Defence: 5 a4 Bf5: Lines with 6 Nh4 and 6 Ne5} (9. f3 Nfd7 10. Nxd7 Nxd7 11. e4 Bg6 12. h4 h6 13. Qb3 Qc7 14. h5 Bh7 15. d5 Nc5 16. Qc4 e6 {1-0 (47) Navara,D (2737)-Ivanchuk,V (2738) Prague 2017}) 9... h6 10. f3 e6 11. e4 {White is slightly better.} Bh7 $1 12. Be3 Bb4 13. Qb3 Nfd7 14. Nd3 Qe7 15. Be2 O-O 16. O-O {[#]} Kh8 $146 ({Predecessor:} 16... f5) 17. Na2 {[%cal Ra2b4]} Bd6 18. Rac1 (18. e5 $5 {[%cal Re5d6]} Bc7 19. Nc3 $11) 18... Bc7 19. Nc3 f6 20. f4 e5 21. d5 (21. dxe5 $11 fxe5 22. f5) 21... Bg8 (21... exf4 $15 22. Nxf4 (22. Bxf4 Bxf4 23. Nxf4 Qc5+ 24. Kh1 Qb4 $15) 22... Bxe4) 22. Bg4 {Hoping for Bxd7.} (22. f5 {is more complex.} Rfc8 23. Rfd1 Qd8 24. g3 Bf7 25. Bf2) 22... f5 (22... exf4 {with more complications.} 23. Nxf4 Bxf4 24. Rxf4 Qb4 25. Qc2 Ne5) 23. Bxf5 cxd5 24. Nxd5 Nxd5 25. exd5 exf4 26. Nxf4 ({Not} 26. Rxc7 $2 Qxe3+ 27. Rf2 Ne5 $19) 26... Bxf4 27. Rxf4 {aiming for Bd4.} Bxd5 $1 28. Qa3 Qxa3 29. bxa3 Ne5 30. Rc7 Rf7 31. Rxf7 Nxf7 32. Bd4 Ng5 33. Rf1 Ne6 34. Bb6 Ra6 35. Be3 Rc6 36. Rd1 Nc7 37. Bf4 Bg8 38. Rd7 Ne6 39. Be3 Rc3 {[#]} 40. Kf2 $1 Rc8 41. g4 Rc7 42. Rd5 Rc4 43. Rd6 Rxa4 $2 {[#]} (43... Ng5 $16 {was necessary.}) 44. Bxe6 $18 Bxe6 45. Rxe6 Rxg4 $16 {[%mdl 4096] Endgame KRB-KR} 46. Rb6 Rh4 47. Kg3 Re4 48. Kf3 Ra4 49. Bc1 Rc4 50. Bb2 Rc2 51. Kg3 Rc7 52. Rxh6+ Kg8 53. Rb6 Kf7 54. Rb5 {Precision: White = 71%, Black = 50%.} 1-0

[Event "88th GER-ch Men 2017"]
[Site "Apolda"]
[Date "2017.06.29"]
[Round "7"]
[White "Bischoff, Klaus"]
[Black "Fuchs, Florian"]
[Result "1-0"]
[WhiteElo "2504"]
[BlackElo "2335"]
[Annotator "TA"]
[PlyCount "79"]
[EventDate "2017.??.??"]
[EventType "swiss"]
[EventCountry "GER"]
[SourceTitle "playchess.com"]
[Source "ChessBase"]
[SourceQuality "1"]

{[%evp 14,79,36,39,51,27,23,33,63,31,28,26,98,81,102,82,133,108,132,108,134,134,156,145,158,167,172,154,138,102,117,95,110,83,106,100,109,109,158,170,219,231,212,208,301,226,374,366,362,367,460,459,542,533,759,723,658,687,1139,1135,1118,1101,12840,12838,12838,12839,12839,12839]} 1. d4 Nf6 2. c4 e6 3. Nf3 Bb4+ 4. Bd2 c5 5. Bxb4 cxb4 6. a3 bxa3 7. Rxa3 O-O 8. Nc3 {[%cal Bb1c3,Bc3b5,Bb5d6,Bd6f5,Bf5d4][%mdl 32] LiveBook: 54 Games} b6 {E11: Bogo-Indian} 9. d5 $146 ({Predecessor:} 9. e3 Bb7 10. Be2 d6 11. b4 Nc6 12. Qb1 a5 13. bxa5 Nxa5 14. O-O Rc8 15. Nd2 Ba6 16. Qb4 {1-0 (33) Ponomariov,R (2739)-Naiditsch,A (2689) Moscow 2009}) 9... exd5 10. cxd5 d6 {White is slightly better.} 11. g3 Bb7 12. Bg2 b5 (12... a6 $11) 13. Nxb5 $16 Bxd5 14. Rd3 Bc6 ({Black should try} 14... Bc4 15. Rxd6 Qa5+ 16. Nc3 (16. Nd2 Bxb5 17. Bxa8 Qb4 $11) 16... Ne4) 15. Nxd6 Qa5+ 16. Rd2 Nbd7 17. O-O Rab8 18. Qa1 Qb4 19. Rfd1 a5 20. Nf5 Rfe8 21. N5d4 Be4 22. Ne1 {[%cal Bf3e1,Be1g2,Bg2f4][%mdl 32] [#] And now Nc6 would win.} Ne5 23. b3 h5 24. Ra2 Bxg2 25. Nxg2 Ra8 26. Ra4 Qb6 {[#]} 27. b4 $1 {[%mdl 512]} Nc6 (27... axb4 28. Rxa8) 28. bxa5 Nxa5 (28... Qa6 $142 29. Nxc6 Qxc6) 29. Nf4 h4 (29... Reb8 $142 30. e3 Ra7) 30. Rb1 $18 {[%cal Bd1b1,Bb1b4,Bb4b5][%mdl 32]} Qd8 31. Rbb4 (31. gxh4 Qd7 $18) 31... hxg3 32. hxg3 {White is clearly winning.} Nd7 {Now ...Ne5 and Black clings on.} 33. Nh5 ({Not} 33. Nf5 Qf6 $18) 33... Qg5 34. Rb5 Ne5 35. Nf4 Red8 36. Raxa5 Rxa5 37. Rxa5 Rxd4 38. Ra8+ Rd8 39. Rxd8+ Qxd8 40. Qxe5 {Precision: White = 61%, Black = 35%.} 1-0